Coaches of the Western Bulldogs - Statistics

General Stats
  • This quiz has been taken 17 times
  • The average score is 9 of 33
Answer Stats
Years Coach % Correct
2015- Luke Beveridge
100%
1957-1971 Ted Whitten
100%
2005-2011 Rodney Eade
90%
2012-2014 Brendan McCartney
70%
1951-1968 Charlie Sutton
70%
1984-1989 Mick Malthouse
70%
1996-2002 Terry Wallace
70%
1925 Con McCarthy
40%
1930 Allan Hopkins
30%
2011 Paul Williams
30%
2002-2004 Peter Rohde
30%
1994-1996 Allan Joyce
20%
1972-1975 Bob Rose
20%
1941-1942 Norm Ware
20%
1990-1994 Terry Wheeler
20%
1934-1935 Alby Morrison
10%
1929 Alec Eason
10%
1943-1950 Arthur Oliver
10%
1961-1966 Bill Findlay
10%
1976-1978 Bill Goggin
10%
1978-1982 Don McKenzie
10%
1981 Frank Goode
10%
1951 George McLaren
10%
1926 Harry Saunders
10%
1982-1983 Ian Hampshire
10%
1947 Jim Crowe
10%
1937-1940 Joe Kelly
10%
1959-1960 Joe Ryan
10%
1935-1937 Syd Coventry
10%
1931-1933 Bill Cubbins
0%
1952-1953 Donald Wally
0%
1926 Jim Cassidy
0%
1927-1928 Paddy Scanlan
0%
No matching quizzes found
Score Distribution
Percent of People with Each Score
Percentile by Number Answered
Your Score History
You have not taken this quiz